000 00340nam a2200145Ia 4500
008 191201s1988 xx 000 0 und d
082 _a537.6
100 _aJACKSON,JD
245 0 _aClassical Electrodynamics
250 _a7thRep
260 _aN. Delhi
_bWiley Dreautech India
_c1988
300 _a848
650 _aApplied
942 _2ddc
_cBK
999 _c555
_d555